[Event "Moia op 6th"]
[Site "Moia"]
[Date "2017.11.10"]
[Round "7"]
[White "Martinez Sanchez, Francesc"]
[Black "Vila Vila, Ricard"]
[Result "1/2-1/2"]
[WhiteElo "1485"]
[BlackElo "1612"]
[PlyCount "43"]
[EventDate "2017.09.22"]
[EventType "swiss"]
[EventRounds "8"]
[EventCountry "ESP"]
[SourceTitle "CBM 189 Extra"]
[Source "ChessBase"]
[SourceDate "2019.06.03"]
[SourceVersion "1"]
[SourceVersionDate "2019.06.03"]
[SourceQuality "1"]

1. d4 d5 2. Bg5 h6 3. Bh4 Nf6 4. Nd2 Nc6 5. e3 a6 6. f4 Bf5 7. a3 Qd7 8. c3 Ne4 9. Ngf3 Bg4 10. Be2 Qe6 11. 0-0 Nd6 12. Ne5 Bxe2 13. Qxe2 Nxe5 14. fxe5 Nc4 15. Bf2 h5 16. e4 dxe4 17. Nxe4 0-0-0 18. Nc5 Qg6 19. Qf3 c6 20. Be1 e6 21. Nxa6 Qg4 22. Nc5 1/2-1/2

[Event "Moia op 6th"]
[Site "Moia"]
[Date "2017.11.03"]
[Round "6"]
[White "Vila Vila, Ricard"]
[Black "Rius Planas, Josep"]
[Result "1-0"]
[WhiteElo "1612"]
[BlackElo "1227"]
[PlyCount "77"]
[EventDate "2017.09.22"]
[EventType "swiss"]
[EventRounds "8"]
[EventCountry "ESP"]
[SourceTitle "CBM 189 Extra"]
[Source "ChessBase"]
[SourceDate "2019.06.03"]
[SourceVersion "1"]
[SourceVersionDate "2019.06.03"]
[SourceQuality "1"]

1. b4 a6 2. Bb2 d5 3. e3 Nc6 4. a3 e5 5. c4 dxc4 6. Bxc4 Nf6 7. Qb3 Qe7 8. Nf3 h6 9. 0-0 b5 10. Bd5 Bd7 11. Nxe5 Nxd5 12. Qxd5 Qe6 13. Qxe6+ fxe6 14. Nxd7 Kxd7 15. Nc3 Rg8 16. Ne4 Rd8 17. d4 Ne7 18. Nc5+ Kc6 19. Nxe6 Re8 20. Rac1+ Kd6 21. Nxc7 g5 22. Nxa6 Bg7 23. Nc7 Kd7 24. Nxe8 Rxe8 25. Rc5 Rb8 26. Rfc1 Rc8 27. Rxb5 Rxc1+ 28. Bxc1 Kc6 29. Rc5+ Kb6 30. a4 Nc6 31. a5+ Kb7 32. Bd2 Bf8 33. Rb5+ Kc7 34. a6 Na7 35. Rb7+ Kc6 36. Rxa7 Kb6 37. Rf7 Bxb4 38. Rf6+ Ka5 39. Bxb4+ 1-0

[Event "Moia op 6th"]
[Site "Moia"]
[Date "2017.09.29"]
[Round "2"]
[White "Vila Vila, Ricard"]
[Black "Sanchez Millan, Angel"]
[Result "1-0"]
[WhiteElo "1612"]
[BlackElo "1467"]
[PlyCount "111"]
[EventDate "2017.09.22"]
[EventType "swiss"]
[EventRounds "8"]
[EventCountry "ESP"]
[SourceTitle "CBM 189 Extra"]
[Source "ChessBase"]
[SourceDate "2019.06.03"]
[SourceVersion "1"]
[SourceVersionDate "2019.06.03"]
[SourceQuality "1"]

1. b4 e5 2. Bb2 d6 3. e3 Nc6 4. b5 Nce7 5. d4 e4 6. d5 a6 7. a4 Bd7 8. Nd2 Nxd5 9. Nxe4 Ngf6 10. Nxf6+ Nxf6 11. Nf3 axb5 12. axb5 Rxa1 13. Qxa1 Be7 14. Bd3 0-0 15. 0-0 Qb8 16. Bd4 c5 17. bxc6 bxc6 18. Rb1 Qa8 19. Qb2 c5 20. Bc3 Bc6 21. Ra1 Qb7 22. Qxb7 Bxb7 23. Ra7 Bxf3 24. gxf3 Nd5 25. Be1 Bf6 26. Be4 Ne7 27. Rd7 Nc8 28. Bb7 Be7 29. Bxc8 Rxc8 30. Rxe7 Kf8 31. Rd7 Rc6 32. Bc3 g6 33. Bf6 Rc8 34. Rxd6 Ke8 35. Rb6 Kd7 36. Ra6 Rc6 37. Rxc6 Kxc6 38. Kg2 Kd5 39. Kg3 Ke6 40. Bb2 h6 41. e4 f6 42. Ba3 c4 43. f4 h5 44. h4 f5 45. f3 Kf6 46. Bb2+ Ke6 47. Bd4 Kf7 48. c3 Ke6 49. Kf2 Kd6 50. Ke3 Ke6 51. Bc5 Kd7 52. Kd4 Ke6 53. Kxc4 Kf6 54. Kd5 fxe4 55. fxe4 Kf7 56. Ke5 1-0

[Event "Moia op 5th"]
[Site "Moia"]
[Date "2016.10.28"]
[Round "5"]
[White "Thos Rodriguez, Jordi"]
[Black "Vila Vila, Ricard"]
[Result "0-1"]
[WhiteElo "1682"]
[BlackElo "1590"]
[PlyCount "48"]
[EventDate "2016.09.23"]
[EventType "swiss"]
[EventRounds "8"]
[EventCountry "ESP"]
[SourceTitle "EXT 2018"]
[Source "ChessBase"]
[SourceDate "2017.10.13"]
[SourceVersion "1"]
[SourceVersionDate "2017.10.13"]
[SourceQuality "1"]

1. e4 d5 2. exd5 Nf6 3. d4 Nxd5 4. c4 Nf6 5. Nc3 Bf5 6. Bf4 c6 7. Nf3 h6 8. h3 e6 9. a3 Bd6 10. Be3 0-0 11. Nh4 Bh7 12. g4 Ne4 13. Nxe4 Bxe4 14. Rg1 Qxh4 15. Bd3 Bh2 16. Bxe4 Bxg1 17. Bc2 Nd7 18. Qd3 f5 19. Bf4 Qxf2+ 20. Kd1 Qxf4 21. Bb3 Bxd4 22. c5 Bxb2 23. Bxe6+ Kh8 24. Ra2 Rad8 0-1

[Event "Moia op 4th"]
[Site "Moia"]
[Date "2015.10.02"]
[Round "3"]
[White "Vila Vila, Ricard"]
[Black "Arcusa Postils, Eduard"]
[Result "1-0"]
[WhiteElo "1855"]
[BlackElo "1859"]
[PlyCount "85"]
[EventDate "2015.09.18"]
[EventType "swiss"]
[EventRounds "8"]
[EventCountry "ESP"]
[SourceTitle "EXT 2017"]
[Source "ChessBase"]
[SourceDate "2016.10.25"]
[SourceVersion "1"]
[SourceVersionDate "2016.10.25"]
[SourceQuality "1"]

1. d4 d5 2. c4 c6 3. cxd5 cxd5 4. Bf4 Nc6 5. a3 Nf6 6. e3 a6 7. h3 Bf5 8. Nf3 h6 9. Bd3 Bxd3 10. Qxd3 e6 11. 0-0 Bd6 12. Bxd6 Qxd6 13. Nbd2 0-0 14. b4 b5 15. Rfc1 Rac8 16. Rc2 Rc7 17. Rac1 Rfc8 18. Nb3 Nd7 19. Rc3 e5 20. Qc2 e4 21. Ne5 Ndxe5 22. dxe5 Qxe5 23. Na5 Nxb4 24. Rxc7 Nxc2 25. Rxc8+ Kh7 26. R8xc2 Qd6 27. Rc5 d4 28. exd4 Qxd4 29. Nc6 Qb2 30. R5c3 Qd2 31. Nb8 Qd6 32. Nc6 Qf4 33. Nb4 a5 34. Nd5 Qe5 35. Ne3 Qd4 36. Rb3 Qa4 37. Rcb1 Kg6 38. Nd5 b4 39. axb4 axb4 40. Rxb4 Qc2 41. Rb6+ Kg5 42. Ne3 Qc7 43. R1b5+ 1-0

[Event "Vall del Tenes op 4th"]
[Site "Santa Eulalia de Roncana"]
[Date "2015.06.05"]
[Round "8"]
[White "Salinas Duffo, Gaspar"]
[Black "Vila Vila, Ricard"]
[Result "1-0"]
[WhiteElo "1708"]
[BlackElo "1874"]
[PlyCount "158"]
[EventDate "2015.04.10"]
[EventType "swiss"]
[EventRounds "8"]
[EventCountry "ESP"]
[SourceTitle "EXT 2016"]
[Source "ChessBase"]
[SourceDate "2015.10.08"]
[SourceVersion "1"]
[SourceVersionDate "2015.10.08"]
[SourceQuality "1"]

1. d4 d5 2. Nf3 Nf6 3. Bf4 Bf5 4. h3 h6 5. e3 e6 6. Nbd2 Bd6 7. Bxd6 Qxd6 8. c3 0-0 9. Ne5 c5 10. Ndf3 c4 11. b3 Qa3 12. Nd2 b5 13. Be2 Nfd7 14. Nxd7 Nxd7 15. 0-0 Nf6 16. Bf3 Rab8 17. Qc1 Qd6 18. Re1 Bd3 19. e4 Nh7 20. b4 Ng5 21. e5 Qd7 22. Bd1 f6 23. Nf3 Be4 24. Nxg5 fxg5 25. f3 Bd3 26. Bc2 Bxc2 27. Qxc2 Rf4 28. Qg6 Qf7 29. Qxf7+ Rxf7 30. a4 a6 31. axb5 axb5 32. Ra6 Re7 33. Rea1 Rbb7 34. Rc6 Kf7 35. Raa6 Ra7 36. Rxa7 Rxa7 37. Rb6 Ra3 38. Rxb5 Rxc3 39. Rb7+ Kg6 40. b5 Rb3 41. Rb6 c3 42. Rc6 Rxb5 43. Rxc3 h5 44. Rc7 h4 45. Rd7 Kh6 46. Rd6 Rb8 47. Rxe6+ Kh7 48. Rd6 Rb1+ 49. Kh2 Kg8 50. Rxd5 Rb3 51. Rd8+ Kf7 52. Rd7+ Kf8 53. d5 Rb5 54. e6 Ke8 55. g3 Rb2+ 56. Kg1 hxg3 57. Rxg7 Rd2 58. Rxg5 Ke7 59. Rxg3 Rxd5 60. Rg6 Rf5 61. Kf2 Re5 62. Kg3 Re1 63. Kf4 Rh1 64. Rh6 Kd6 65. Kf5 Re1 66. h4 Rf1 67. f4 Re1 68. h5 Rf1 69. Rg6 Rh1 70. h6 Ke7 71. Rg7+ Ke8 72. h7 Rh5+ 73. Ke4 Rh6 74. Rg8+ Ke7 75. h8Q Rxe6+ 76. Qe5 Rxe5+ 77. Kxe5 Kf7 78. Rg1 Ke7 79. Rg7+ Kf8 1-0

[Event "Moia op 3rd"]
[Site "Moia"]
[Date "2014.10.10"]
[Round "4"]
[White "Rodriguez Lloret, Ricard"]
[Black "Vila Vila, Ricard"]
[Result "0-1"]
[WhiteElo "1700"]
[BlackElo "1818"]
[PlyCount "80"]
[EventDate "2014.09.19"]
[EventType "swiss"]
[EventRounds "8"]
[EventCountry "ESP"]
[SourceTitle "EXT 2016"]
[Source "ChessBase"]
[SourceDate "2015.10.08"]
[SourceVersion "1"]
[SourceVersionDate "2015.10.08"]
[SourceQuality "1"]

1. e4 b6 2. Nc3 Bb7 3. Bc4 e6 4. Nf3 Bb4 5. d3 d5 6. exd5 Bxd5 7. Bxd5 Bxc3+ 8. bxc3 Qxd5 9. Bb2 Nf6 10. 0-0 0-0 11. Re1 Nbd7 12. c4 Qh5 13. h3 Rad8 14. d4 Qa5 15. c3 Nc5 16. Qc2 Na4 17. Ne5 Qa6 18. Nc6 Rd7 19. Ne5 Rdd8 20. Ba3 Rfe8 21. Nc6 Ra8 22. Qb3 Nd7 23. Ne7+ Kh8 24. Qb5 Qxb5 25. cxb5 Nxc3 26. d5 Nxb5 27. Bb4 a5 28. dxe6 fxe6 29. Rxe6 axb4 30. Rc1 Nd4 31. Re3 c5 32. Rce1 Nf6 33. Re5 g6 34. Kf1 Nf5 35. Nxf5 Rxe5 36. Rxe5 gxf5 37. Rxf5 Kg7 38. Re5 Kf7 39. g4 Rxa2 40. f4 b3 0-1

[Event "Moia op 3rd"]
[Site "Moia"]
[Date "2014.09.19"]
[Round "1"]
[White "Vila Vila, Ricard"]
[Black "Fabre Vila, Miguel"]
[Result "0-1"]
[WhiteElo "1818"]
[BlackElo "2095"]
[PlyCount "59"]
[EventDate "2014.09.19"]
[EventType "swiss"]
[EventRounds "8"]
[EventCountry "ESP"]
[SourceTitle "EXT 2016"]
[Source "ChessBase"]
[SourceDate "2015.10.08"]
[SourceVersion "1"]
[SourceVersionDate "2015.10.08"]
[SourceQuality "1"]

1. e4 Nf6 2. e5 Nd5 3. c4 Nf4 4. d4 Ng6 5. Nf3 d6 6. exd6 exd6 7. Nc3 Be7 8. Bd3 0-0 9. 0-0 Bg4 10. h3 Bxf3 11. Qxf3 c6 12. Re1 Nd7 13. Ne4 Bf6 14. Be3 Qc7 15. Rac1 c5 16. Nxf6+ Nxf6 17. Bg5 cxd4 18. Bxf6 gxf6 19. Qxf6 Qc5 20. Re4 Rae8 21. Rce1 Rxe4 22. Rxe4 d5 23. Rxd4 dxc4 24. Bxg6 fxg6 25. Qe6+ Kh8 26. Qxc4 Qf5 27. Rd2 Re8 28. Qd4+ Qe5 29. Qxe5+ Rxe5 30. Rd8+ 0-1

[Event "Vall del Tenes op 3rd"]
[Site "Santa Eulalia de Roncana"]
[Date "2014.06.06"]
[Round "7"]
[White "Exojo Lozano, Angel"]
[Black "Vila Vila, Ricard"]
[Result "1/2-1/2"]
[WhiteElo "1903"]
[BlackElo "1832"]
[PlyCount "49"]
[EventDate "2014.04.25"]
[EventType "swiss"]
[EventRounds "8"]
[EventCountry "ESP"]
[SourceTitle "CBM 160 Extra"]
[Source "ChessBase"]
[SourceDate "2014.07.01"]
[SourceVersion "1"]
[SourceVersionDate "2014.07.01"]
[SourceQuality "1"]

1. Nf3 d5 2. c4 Nf6 3. Nc3 d4 4. Nb5 Nc6 5. e3 dxe3 6. fxe3 a6 7. Nc3 Bg4 8. Be2 e6 9. 0-0 Bb4 10. Qb3 Rb8 11. a3 Bxc3 12. Qxc3 0-0 13. Qc2 Bf5 14. d3 Bg4 15. Nd4 Nxd4 16. exd4 Qxd4+ 17. Kh1 Bxe2 18. Qxe2 Rbd8 19. Rf3 Rd7 20. Be3 Qd6 21. Rxf6 gxf6 22. Bh6 Qxd3 23. Qf3 Qxf3 24. gxf3 Re8 25. Rg1+ 1/2-1/2

[Event "Vall del Tenes op 3rd"]
[Site "Santa Eulalia de Roncana"]
[Date "2014.05.02"]
[Round "2"]
[White "Vila Vila, Ricard"]
[Black "Vega Benitez, Oscar"]
[Result "1-0"]
[WhiteElo "1832"]
[BlackElo "1704"]
[PlyCount "123"]
[EventDate "2014.04.25"]
[EventType "swiss"]
[EventRounds "8"]
[EventCountry "ESP"]
[SourceTitle "CBM 160 Extra"]
[Source "ChessBase"]
[SourceDate "2014.07.01"]
[SourceVersion "1"]
[SourceVersionDate "2014.07.01"]
[SourceQuality "1"]

1. b4 d5 2. Bb2 e6 3. e3 Nf6 4. a3 Be7 5. Nf3 0-0 6. c4 b6 7. Qc2 c5 8. Ng5 Nbd7 9. cxd5 exd5 10. Bb5 h6 11. Bxd7 hxg5 12. Bxc8 Rxc8 13. b5 d4 14. 0-0 Re8 15. Qa4 dxe3 16. dxe3 Qc7 17. Qc4 Bd6 18. g3 Ne4 19. Qe2 Rcd8 20. Rd1 Rd7 21. Nd2 Nf6 22. Nc4 Bf8 23. Rxd7 Nxd7 24. Rd1 Nf6 25. Qf3 Qe7 26. Ne5 Rd8 27. Rxd8 Qxd8 28. Nc6 Qd5 29. Qxd5 Nxd5 30. Nxa7 c4 31. Kf1 c3 32. Bc1 c2 33. Ke2 Nc3+ 34. Kd3 Na2 35. Kxc2 Nxc1 36. Kxc1 Bxa3+ 37. Kc2 Bb4 38. Kd3 g4 39. Nc8 Bc5 40. Kc4 f5 41. Na7 g5 42. Nc6 f4 43. Nd4 fxe3 44. fxe3 Kf7 45. Kd5 Kf6 46. e4 Ke7 47. Nc6+ Kd7 48. Ne5+ Ke7 49. Nxg4 Bg1 50. h3 Kd7 51. Ne5+ Ke7 52. g4 Kf6 53. Nc6 Bc5 54. e5+ Kf7 55. e6+ Ke8 56. Ke5 Be3 57. Kd5 Bc5 58. Nb8 Ke7 59. Nd7 Be3 60. Kc6 Kxe6 61. Nxb6 Ke5 62. Nc4+ 1-0

[Event "Moia op 2nd"]
[Site "Moia"]
[Date "2013.11.15"]
[Round "8"]
[White "Vila Vila, Ricard"]
[Black "Iglesias Vila, Carles"]
[Result "1-0"]
[WhiteElo "1603"]
[BlackElo "1804"]
[PlyCount "140"]
[EventDate "2013.09.20"]
[EventType "swiss"]
[EventRounds "8"]
[EventCountry "ESP"]
[SourceTitle "EXT 2015"]
[Source "ChessBase"]
[SourceDate "2014.11.20"]
[SourceVersion "1"]
[SourceVersionDate "2014.11.20"]
[SourceQuality "1"]

1. b4 Nf6 2. Bb2 g6 3. Nf3 Bg7 4. e3 0-0 5. c4 d6 6. h3 a6 7. Nc3 Be6 8. d4 b6 9. Bd3 Qc8 10. Qc2 c6 11. 0-0 b5 12. Ne4 Nxe4 13. Bxe4 Bxc4 14. Rfc1 d5 15. Bd3 Nd7 16. a4 Qb7 17. a5 f6 18. Bxg6 hxg6 19. Qxg6 Rf7 20. Nh4 Nf8 21. Qg4 e6 22. e4 dxe4 23. Qxe4 Bd5 24. Qg4 Re8 25. Rc3 Qd7 26. Rg3 f5 27. Qh5 Ree7 28. Bc1 f4 29. Rg4 Qe8 30. Bxf4 Rxf4 31. Qxe8 Rxe8 32. Rxf4 Kh7 33. Ra3 Ng6 34. Nxg6 Kxg6 35. Rg3+ Kh7 36. Rf7 Rg8 37. Ra7 Bc4 38. Rg4 Bd5 39. Rxa6 Bxd4 40. Rxd4 Rxg2+ 41. Kf1 Rh2 42. Ra7+ Kg6 43. Rg4+ Kf5 44. Rh7 Rh1+ 45. Ke2 Bc4+ 46. Ke3 Re1+ 47. Kd4 e5+ 48. Kc5 Bd5 49. a6 Rc1+ 50. Kd6 Ra1 51. a7 Ra6 52. Rh5+ Kf6 53. Rxe5 Rxa7 54. Rxd5 cxd5 55. Kxd5 Rc7 56. h4 Rc2 57. h5 Rxf2 58. Rg6+ Kf7 59. Kc6 Rf5 60. Rd6 Rxh5 61. Rd5 Rh8 62. Rxb5 Rc8+ 63. Kd7 Ra8 64. Rb7 Ra1 65. Kc8+ Ke8 66. b5 Rc1+ 67. Kb8 Kd8 68. b6 Rb1 69. Ka8 Ra1+ 70. Ra7 Rb1 1-0

[Event "Moia op 1st"]
[Site "Moia"]
[Date "2013.07.07"]
[Round "8"]
[White "Vila Vila, Ricard"]
[Black "Garces Fisas, Gerard"]
[Result "1-0"]
[WhiteElo "1815"]
[BlackElo "1700"]
[PlyCount "57"]
[EventDate "2013.05.19"]
[EventType "swiss"]
[EventRounds "8"]
[EventCountry "ESP"]
[SourceTitle "EXT 2014"]
[Source "ChessBase"]
[SourceDate "2013.11.20"]
[SourceVersion "1"]
[SourceVersionDate "2013.11.20"]
[SourceQuality "1"]

1. b4 e5 2. Bb2 Qf6 3. a3 c5 4. Nf3 Nc6 5. b5 Nd4 6. Nxd4 cxd4 7. e3 Bc5 8. c3 d6 9. Bc4 Nh6 10. h3 dxc3 11. Nxc3 0-0 12. Ne4 Qg6 13. Ng3 Nf5 14. Bd3 Qg5 15. Bxf5 Bxf5 16. 0-0 e4 17. Qh5 Qxh5 18. Nxh5 Rfe8 19. Nxg7 Red8 20. Nxf5 d5 21. Rad1 a6 22. bxa6 Rxa6 23. d3 Bxa3 24. Bxa3 Rxa3 25. dxe4 Ra5 26. exd5 Kf8 27. e4 b5 28. Nd4 b4 29. Nc6 1-0

[Event "Moia op 1st"]
[Site "Moia"]
[Date "2013.06.02"]
[Round "3"]
[White "Vila Vila, Ricard"]
[Black "Cerdans Costa, Ferran"]
[Result "1/2-1/2"]
[WhiteElo "1815"]
[BlackElo "1847"]
[PlyCount "74"]
[EventDate "2013.05.19"]
[EventType "swiss"]
[EventRounds "8"]
[EventCountry "ESP"]
[SourceTitle "EXT 2014"]
[Source "ChessBase"]
[SourceDate "2013.11.20"]
[SourceVersion "1"]
[SourceVersionDate "2013.11.20"]
[SourceQuality "1"]

1. b4 e5 2. Bb2 Bxb4 3. Bxe5 Nf6 4. Nf3 Nc6 5. Bc3 0-0 6. e3 Re8 7. a3 Bxc3 8. Nxc3 d5 9. Bb5 Bd7 10. Bxc6 Bxc6 11. 0-0 Bd7 12. h3 c6 13. Ne2 h6 14. Ng3 Qc7 15. d4 Re7 16. Ne5 Rae8 17. Nxd7 Qxd7 18. Qf3 Ne4 19. Nf5 Re6 20. Qg4 g6 21. Ng3 Kh7 22. Nxe4 dxe4 23. c4 f5 24. Qf4 Qf7 25. d5 cxd5 26. cxd5 Re5 27. Rfd1 g5 28. Qh2 f4 29. d6 Rd8 30. exf4 gxf4 31. Rac1 e3 32. Rc7 exf2+ 33. Kxf2 Rd7 34. Rdc1 Kg6 35. Kg1 Rd5 36. Rxd7 Qxd7 37. Qxf4 Rxd6 1/2-1/2

[Event "Vic op 31st"]
[Site "Vic"]
[Date "2011.11.15"]
[Round "4"]
[White "Vila Vila, Ricard"]
[Black "Tena Lameiro, Josep Maria"]
[Result "1-0"]
[WhiteElo "1860"]
[BlackElo "1700"]
[PlyCount "69"]
[EventDate "2011.10.18"]
[EventType "swiss"]
[EventRounds "8"]
[EventCountry "ESP"]
[SourceTitle "EXT 2013"]
[Source "ChessBase"]
[SourceDate "2012.11.22"]
[SourceVersion "1"]
[SourceVersionDate "2012.11.22"]
[SourceQuality "1"]

1. b4 a5 2. b5 c6 3. e3 cxb5 4. Bxb5 Nc6 5. Nf3 Nf6 6. Ba3 d6 7. Nd4 Bd7 8. Bxc6 Bxc6 9. Nxc6 bxc6 10. Qf3 Qc7 11. 0-0 g6 12. Nc3 Bg7 13. Rab1 0-0 14. Ne4 Rab8 15. Nxf6+ Bxf6 16. d4 d5 17. Qe2 Bg7 18. c4 e6 19. Qc2 Kh8 20. cxd5 exd5 21. Rfc1 Rxb1 22. Rxb1 Kg8 23. g3 f5 24. Bc5 Rb8 25. Rb3 Rxb3 26. Qxb3 Bf8 27. Qa3 Bxc5 28. Qxc5 a4 29. a3 Kg7 30. Qc2 Qb6 31. Qxa4 Qb1+ 32. Kg2 Qe4+ 33. Kf1 Qb1+ 34. Ke2 Qa2+ 35. Kf3 1-0